| 000 | 00468nam a22001817a 4500 | ||
|---|---|---|---|
| 003 | NUST - PNEC | ||
| 005 | 20170116180937.0 | ||
| 008 | 150906b xxu||||| |||| 00| 0 eng d | ||
| 020 | _a0830601295 | ||
| 020 | _a0830615296 | ||
| 040 | _cLIBRARY | ||
| 082 | _a621.366 MUN | ||
| 100 |
_98598 _aMuncheryan, Hrand M. |
||
| 245 |
_aPrinciples & practices of laser technology _cHrand M. Muncheryan |
||
| 260 | _cc.1983 | ||
| 650 |
_98602 _aLasers _xEE |
||
| 942 |
_2ddc _cBK |
||
| 999 |
_c66088 _d66088 |
||